| 000 | 00703cam a2200181 a 4500 | ||
|---|---|---|---|
| 001 | 000006625 | ||
| 005 | 20200929153948.0 | ||
| 008 | 940617s1993 ck ac 000 0 spa | ||
| 040 |
_aDO-SdBNP _bspa _cBNPHU |
||
| 082 |
_axxx _bA663e |
||
| 245 | 0 | 0 |
_aEpistolario de Ángel y Rufino José Cuervo con colombianos / _cedición y notas de Angelina Araújo Vélez. |
| 260 |
_aSantafé de Bogotá : _bInstituto Caro y Cuervo ; _bArchivo Epistolar Colombiano, _c1993. |
||
| 300 |
_av p. : _bil., retr. ; _c24 cm. |
||
| 490 | 1 |
_aArchivo Epistolar Colombiano _v21 |
|
| 504 | _aIncluye bibliografía e índice. | ||
| 700 | 1 |
_aAraujo Vélez, Angelina, _eed. _918387 |
|
| 830 | 0 |
_aArchivo Epistolar Colombiano ; _v21. _918385 |
|
| 999 |
_c6415 _d6415 |
||